Petites histoires chinoises : 22 proverbes et leurs histoires bilingues pour progresser en chinois (notice n° 1960779)
[ vue normale ]
| 000 -LEADER | |
|---|---|
| fixed length control field | 01172cam a2200157 4500500 |
| 005 - DATE AND TIME OF LATEST TRANSACTION | |
| control field | 20260329034100.0 |
| 041 ## - LANGUAGE CODE | |
| Language code of text/sound track or separate title | fre |
| 042 ## - AUTHENTICATION CODE | |
| Authentication code | dc |
| 100 10 - MAIN ENTRY--PERSONAL NAME | |
| Personal name | Ling, Vivian |
| Relator term | author |
| 245 00 - TITLE STATEMENT | |
| Title | Petites histoires chinoises : 22 proverbes et leurs histoires bilingues pour progresser en chinois |
| 260 ## - PUBLICATION, DISTRIBUTION, ETC. | |
| Name of publisher, distributor, etc. | Armand Colin,<br/> |
| Date of publication, distribution, etc. | 2023.<br/> |
| 520 ## - SUMMARY, ETC. | |
| Summary, etc. | Ce livre destiné aux apprenants de tous niveaux présente 22 histoires traditionnelles chinoises accompagnées des proverbes sur lesquels elles sont fondées. Les versions chinoise et française des textes sont présentées en regard. Chaque histoire comprend une explication de la façon dont le proverbe est utilisé aujourd’hui, des notes culturelles et littéraires, du vocabulaire et des questions d’entraînement pour améliorer compréhension et prononciation. Des enregistrements audio des contes lus par des locuteurs natifs sont disponibles en téléchargement. Avec 25 dessins au trait dans le style traditionnel chinois. |
| 700 10 - ADDED ENTRY--PERSONAL NAME | |
| Personal name | Wang, Peng |
| Relator term | author |
| 700 10 - ADDED ENTRY--PERSONAL NAME | |
| Personal name | Peng, Wang |
| Relator term | author |
| 856 41 - ELECTRONIC LOCATION AND ACCESS | |
| Uniform Resource Identifier | <a href="https://shs.cairn.info/petites-histoires-chinoises--9782200633981?lang=fr&redirect-ssocas=7080">https://shs.cairn.info/petites-histoires-chinoises--9782200633981?lang=fr&redirect-ssocas=7080</a> |
Pas d'exemplaire disponible.




Réseaux sociaux